Reconnaissance politique du génocide arménien - Statistiques

Statistiques générales
  • Ce quiz a été pris 124 fois
  • Le résultat moyen est 19 sur 37
Statistiques - réponses
Pays Statut % Correct
France Reconnait
98%
Turquie Nie
89%
États-Unis Reconnait
87%
Russie Reconnait
87%
Allemagne Reconnait
81%
Italie Reconnait
78%
Azerbaïdjan Nie
73%
Canada Reconnait
68%
Portugal Reconnait
66%
Brésil Reconnait
65%
Belgique Reconnait
63%
Grèce Reconnait
60%
Mexique Reconnait
55%
Argentine Reconnait
54%
Pologne Reconnait
52%
Suède Reconnait
52%
Suisse Reconnait
52%
Pakistan Nie
48%
Syrie Reconnait
47%
Autriche Reconnait
46%
Pays-Bas Reconnait
43%
Liban Reconnait
42%
Luxembourg Reconnait
41%
Arménie Reconnait
40%
Chypre Reconnait
38%
Bulgarie Reconnait
37%
Slovaquie Reconnait
36%
Chili Reconnait
31%
Tchéquie Reconnait
31%
Uruguay Reconnait
30%
Vatican Reconnait
30%
Venezuela Reconnait
30%
Bolivie Reconnait
25%
Lituanie Reconnait
24%
Lettonie Reconnait
21%
Paraguay Reconnait
19%
Libye Reconnait
14%
Aucun quiz correspondant
Distribution des résultats
% des personnes avec chaque résultat
Percentile par nombre de réponses
Votre historique - résultats
Vous n’avez pas pris ce quiz